000
00327nam a2200157Ia 4500
100
_a
Luthans/ Fred
250
_a
3
942
_c
BK
654
_a
organisational
245
_a
Organisational Behaviour
260
_b
Mc Graw Hill Int
_c
1981
082
_a
302.35
_b
LUT
300
_a
666
546
_a
ENGLISH
999
_c
29637
_d
29637